000 00463ntaaa2200169 4500
003 01
005 20251027201356.0
008 0714s1973 ag 01
040 _aAR-BaBN
_bspa
_cAR-BaBN
_eaacr
_dRIC
082 _a225.1300 B63
100 _aBogue, David
_912145
245 _aEnsayo sobre la Divina Autoridad en el Nuevo Testamento
250 _a1 ed. :
_bSociedad Americana de Tratados,
_cn.f.
300 _a340 p.
650 _aBiblia-Autoridad
_99046
942 _cBK
999 _c8244
_d8244